| 000 | 00757nam a22002297a 4500 | ||
|---|---|---|---|
| 005 | 20240515073711.0 | ||
| 008 | 240216b |||||||| |||| 00| 0 eng d | ||
| 020 | _a9789982072496 | ||
| 040 |
_aKMU _cKMU _dKMU _erda |
||
| 110 | _aCopperbelt University | ||
| 245 |
_aThe role of the private sector in peace building : _bProceedings of the workshop held at the Copperbelt University/ _cThe Copperbelt University, John Lungu,Rosemary Chilufya |
||
| 260 |
_aNdola: _bMission Press, _c2009. |
||
| 300 |
_a81 p. : _c19 cm. _bviii.; |
||
| 500 | _aIncludes appendices | ||
| 650 | _aPeace building. | ||
| 650 | _aCopperbelt University | ||
| 650 | _aWorkshop | ||
| 650 | _aPrivate Sector | ||
| 700 | _aLungu John | ||
| 700 | _aChilufya Rosemary | ||
| 942 |
_cRE _n0 |
||
| 999 |
_c1014 _d1014 |
||